000 00916nas a2200301 4500
001 BR9206615
003 BR-BrBNA
005 20231205092938.0
007 ta
008 230509b bl.|||p| |||| 00| 00por d
040 _aBR-BrBNA
_bpor
_cBiblioteca Nacional de Agricultura
041 _a(Pt)
072 _aF01
100 1 _aMelo, P.C.T. de
100 1 _aWanderley, L.J. da G.
100 1 _aQueiroz, M.A. de
100 1 _aSouto, J.P. de M.
100 1 _aWanderley, M. de B.
245 1 _aEstudos preliminares sobre o teor de solidos soluveis de alguns cultivares de cebola (Allium cepa L.)no submedio Sao Francisco
650 _aCEBOLA
650 _aVARIEDADE
650 _aBULBO
650 _aSEMENTE
650 _aMELHORAMENTO VEGETAL
773 0 _tRevista de Olericultura (Brazil)
_x
_g(1975), (no. 15) p. 260-261
_wBR9206615
909 _a202311
_bLúcia
_c55
_dLúcia Elande
942 _2AGRIS
_n0
_cANA
999 _c135298
_d135298